Tribhuvan University Central Library

Physics pratical: (Record no. 91549)

MARC details
000 -LEADER
fixed length control field 00460nam a22001697a 4500
008 - FIXED-LENGTH DATA ELEMENTS--GENERAL INFORMATION
fixed length control field 200128b xxu||||| |||| 00| 0 eng d
020 ## - INTERNATIONAL STANDARD BOOK NUMBER
International Standard Book Number 9789937055381
082 ## - DEWEY DECIMAL CLASSIFICATION NUMBER
Classification number 530/Sa67p
100 ## - MAIN ENTRY--PERSONAL NAME
Personal name Sapkota, Bhanu Bhakta
245 ## - TITLE STATEMENT
Title Physics pratical:
Remainder of title B.Ed.
260 ## - PUBLICATION, DISTRIBUTION, ETC.
Place of publication, distribution, etc. Kathmandu:
Name of publisher, distributor, etc. Mama Bhanja Radium Institute,
Date of publication, distribution, etc. 2076BS.
300 ## - PHYSICAL DESCRIPTION
Extent 149p. ;illus.
504 ## - BIBLIOGRAPHY, ETC. NOTE
Bibliography, etc. note Includes bibliography
650 ## - SUBJECT ADDED ENTRY--TOPICAL TERM
Topical term or geographic name entry element Physics
700 ## - ADDED ENTRY--PERSONAL NAME
Personal name Dawali, Sandeep
942 ## - ADDED ENTRY ELEMENTS (KOHA)
Source of classification or shelving scheme Dewey Decimal Classification
Koha item type ISBN
Holdings
Withdrawn status Lost status Source of classification or shelving scheme Damaged status Not for loan Home library Current library Date acquired Total Checkouts Full call number Barcode Date last seen Price effective from Koha item type
    Dewey Decimal Classification     Tribhuvan University Central Library Tribhuvan University Central Library 01/28/2020   530/Sa67p IS17024 01/28/2020 01/28/2020 ISBN
    Dewey Decimal Classification     Tribhuvan University Central Library Tribhuvan University Central Library 01/28/2020   530/Sa67p IS17025 01/28/2020 01/28/2020 ISBN